000 00314 a2200121 4500
000 nam a22 7a 4500
005 20260206121735.0
020 _a9789395695398
100 _aMathur, Divya
_91114194
245 _aPravasi Shreshtha Kahaniyan : Pravasi Sahitya Mala 1
260 _bSwaraj
_c2026
942 _cTEXL
999 _c1678796
_d1678796